000 00382 a2200121 4500
020 _a047169164X
082 _a624.18341 HAS
100 _aHassoun, M. Nadim.
245 _aStructural concrete :
_btheory and design
_cM. Nadim Hassoun, Akthem Al-Manaseer.
250 _a3rd ed.
260 _aHoboken, NJ :
_bJohn Wiley,
_c2005.
300 _axx, 865 p. :
_bill. ;
_c24 cm.
650 _aReinforced concrete construction
999 _c342
_d342